| 000 | 00506 a2200157 4500 | ||
|---|---|---|---|
| 003 | Nust | ||
| 005 | 20170207152521.0 | ||
| 020 | _a033517034x | ||
| 040 | _cNust | ||
| 082 | _a003 | ||
| 245 | _aSystem organization: the management of complexity | ||
| 260 |
_aWalton _bThe Open university press _c1980 |
||
| 300 | _a45 | ||
| 505 | _aPreface (Page-5), Control (Page-8), Conflict (Page-15), Persistence and Changes (Page-31), Theme Development and Summary Systems (Page-39), | ||
| 538 | _aAlmirah No.1 and Shelf No.3 | ||
| 942 |
_2ddc _cBK |
||
| 999 |
_c176242 _d176242 |
||